| 000 | 00396nam a22001697a 4500 | ||
|---|---|---|---|
| 005 | 20160623093726.0 | ||
| 008 | 160623b xxu||||| |||| 00| 0 eng d | ||
| 020 | _a0-422-77270-4 | ||
| 041 | _aeng | ||
| 082 | _b9259 | ||
| 100 |
_aVrics, Manfired Frketsde _92532 |
||
| 245 | _aOrganizational Paradoxas | ||
| 260 |
_bTaxmanns _c1980 |
||
| 300 | _a194 | ||
| 650 |
_aManagement _9241 |
||
| 942 | _cBK | ||
| 999 |
_c3603 _d3602 |
||